Korunk tudománya
Elmentve itt :
| Dokumentumtípus: | Cikk |
|---|---|
| Megjelent: |
1971-11-28
|
| Sorozat: | Délmagyarország
61 No. 281 |
| Kulcsszavak: | korunk tudománya, előadássorozat |
| Online Access: | http://dmarchiv.bibl.u-szeged.hu/88245 |
| LEADER | 00409nab a2200145 i 4500 | ||
|---|---|---|---|
| 001 | delm88245 | ||
| 005 | 20190320100415.0 | ||
| 008 | 190320s1971 hu o 0|| hun d | ||
| 040 | |a SZTE Délmagyarország Archívum |b hun | ||
| 041 | |a hun | ||
| 245 | 0 | 0 | |a Korunk tudománya |h [elektronikus dokumentum] |
| 260 | |c 1971-11-28 | ||
| 300 | |a 12 | ||
| 490 | 0 | |a Délmagyarország |v 61 No. 281 | |
| 695 | |a korunk tudománya, előadássorozat | ||